|
|
|
|
| LEADER |
00000naa2a2200000 4500 |
| 001 |
389559 |
| 005 |
20231101063900.0 |
| 035 |
|
|
|a (RuTPU)RU\TPU\prd\21918
|
| 090 |
|
|
|a 389559
|
| 100 |
|
|
|a 20040128a2003 k y0rusy50 ca
|
| 101 |
0 |
|
|a rus
|
| 102 |
|
|
|a RU
|
| 200 |
1 |
|
|a Расчёт аварийного конденсатора аргентинского интегрального реактора CAREM
|f А. Шиффрас, Д. Вальтер, Д. Дальмастро и др.
|g Пер. С. Халатов
|
| 225 |
1 |
|
|a Переводы
|
| 461 |
|
1 |
|0 (RuTPU)RU\TPU\prd\1300
|x 0320-9326
|t Атомная техника за рубежом
|o научно-технический журнал
|f Росатом; Государственная корпорация по атомной энергии; Ядерное общество России (ЯОР)
|d 1957-
|
| 463 |
|
1 |
|0 (RuTPU)RU\TPU\prd\21054
|t № 11
|v С. 17-21
|d 2003
|
| 610 |
1 |
|
|a интегральный реактор CAREM
|
| 610 |
1 |
|
|a Вальтер
|
| 610 |
1 |
|
|a аварийный конденсатор
|
| 610 |
1 |
|
|a мощность
|
| 610 |
1 |
|
|a расчетные коды
|
| 610 |
1 |
|
|a расчетные модели
|
| 675 |
|
|
|a 621.039.53
|v 3
|
| 701 |
|
1 |
|a Шиффрас
|b А.
|
| 701 |
|
1 |
|a Вальтер
|b Д.
|
| 701 |
|
1 |
|a Дальмастро
|b Д.
|
| 701 |
|
1 |
|a Гименез
|b М.
|
| 701 |
|
1 |
|a Занноко
|b Р.
|
| 702 |
|
1 |
|a Халатов
|b С.
|4 730
|
| 801 |
|
1 |
|a RU
|b 63413507
|c 20040128
|g PSBO
|
| 801 |
|
2 |
|a RU
|b 63413507
|c 20120420
|g RCR
|
| 942 |
|
|
|c BK
|